Géographie de l'Europe par lettre - Z - Statistiques

Statistiques générales
  • Ce quiz a été pris 173 fois
  • Le résultat moyen est 6 sur 18
Statistiques - réponses
Indice Réponse % Correct
Ville la plus peuplée de Suisse Zurich
99%
Capitale croate Zagreb
96%
Type de salle de spectacle en France: 17 villes en ont un Zénith
86%
Province néerlandaise donnant son nom à un pays d'Océanie Zélande
85%
Monnaie polonaise Złoty
72%
Mot désignant la mer en néerlandais Zee
43%
Ville de l'est de l'Ukraine, la septième plus peuplée du pays Zaporijia
24%
Ville croate de l'Adriatique Zadar
20%
Importante station balnéaire des Pays-Bas, connue pour son circuit automobile Zandvoort
20%
Importante station de ski suisse Zermatt
16%
Point culminant de l'Allemagne Zugspitze
13%
Petit canton de l'est de la Suisse Zoug
12%
Île grecque très touristique de la mer ionnienne Zante
7%
Ville néerlandaise, chef-lieu de l'Overijssel Zwolle
7%
Famille noble autrichienne du moyen-âge, fondatrice notamment de Berne et des deux Fribourg Zähringen
2%
Fleuve croate Zrmanja
1%
Ancien golfe néerlandais transformé en un lac, l'IJsselmeer Zuiderzee
1%
Plus grande île fluviale d'Europe, située sur le Danube Žitný ostrov
0%
Aucun quiz correspondant
Distribution des résultats
% des personnes avec chaque résultat
Percentile par nombre de réponses
Votre historique - résultats
Vous n’avez pas pris ce quiz